Statistiche per Regioni Italiane Senza Sbocco sul Mare

Clicka qui per fare il quiz!

Statistiche generali

  • Questo quiz è stato fatto 71 volte
  • Il punteggio medio è 5 su 5

Statistiche sulle risposte

Regioni% Corretto
Lombardia
100%
Piemonte
100%
Valle d'Aosta
100%
Umbria
98%
Trentino Alto Adige
96%

Distribuzione punteggi

Percentile per numero di risposta

Percentuale di utenti per punteggio

I tuoi punteggi nel tempo

Non hai fatto questo quiz